=LDR 00000nam 2200000 4500 =001 INLIS000000000044570 =005 20200303085343 =035 ##$$a 0010-101300000002492 =008 200303################g##########0#ind## =041 ##$$a Ind =082 ##$$a 158.1 =090 ##$$a 158.1 , Gon b =100 ##$$a Gonzales, Ruben =245 1#$$a Becoming unstoppable = Menang dalam olimpiade kehidupan anda /$c Ruben Gonzalez =260 ##$$a Jakarta :$b PT. Gramedia Pustaka Utama,$c 2008 =300 ##$$a 160 hlm. : $b Ilus. ; $c 14 x 21 cm. =850 ##$$a NBPNMAT =020 ##$$a 978-979-22-3796-2 =084 ##$$a 158.1 GON b =650 #4$$a Hubungan antar-pribadi =520 ##$$a Boigrafi : hlm. 157 =250 ##$$a Cet.1 =990 ##$$a 21105792/Pb/2011 =990 ##$$a 21105791/Pb/2011